| 000 | 01692nam a2200301Ia 4500 | ||
|---|---|---|---|
| 999 |
_c56542 _d56542 |
||
| 001 | 23656 | ||
| 003 | GE_BSU | ||
| 005 | 20260302160507.0 | ||
| 008 | 181216s1977||||ge |||||||||||||| ||geo|| | ||
| 040 | _cGE_BSU | ||
| 041 | _ageo | ||
| 080 | _a94(479.22)(093უცხ.) ყ-36 | ||
| 100 |
_aყაუხჩიშვილი, თინათინ _917888 |
||
| 245 |
_aბერძენი მწერლების ცნობები საქართველოს შესახებ. წ.3 : _bპოლიბიოსი, დიოდორე სიცილიელი, დიონისიოს ჰალიკარნასელი / _cთინათინ ყაუხჩიშვილი ; მხატვ. გ. ნადირაძე. |
||
| 264 |
_aთბილისი : _bმეცნიერება, _c1977. |
||
| 300 |
_a229 გვ. ; _c21 სმ. |
||
| 500 | _a პარალ. ტექსტი ბერძნ. ენ. | ||
| 500 | _aსაძიებლები: გვ. 144-160 | ||
| 520 | _aპარალ. ტექსტი ბერძნ. ენ. | ||
| 541 | _h8 ლ. | ||
| 653 | _aბერძენი მწერლების ცნობები საქართველოს შესახებ | ||
| 653 | _aპოლიბიოსი | ||
| 653 | _aდიოდორე სიცილიელი | ||
| 653 | _a დიონისიოს ჰალიკარნასელი | ||
| 653 | _aსაქართველოს ისტორიის ბერძნული წყაროები | ||
| 700 |
_aნადირაძე, გ. _eმხატვარი _927029 |
||
| 942 |
_cBK _2udc |
||